000 00260nam a2200109 a 4500
008 110107s1972|||| d
260 _bPravda
_aBratislava
_c1972
020 _c12
041 _aslo
044 _axo
_cSK
245 1 0 _aStručný životopis V.I. Lenina
999 _c15565
_d15565